ბათუმის შოთა რუსთაველის სახელმწიფო უნივერსიტეტის ბიბლიოთეკა

სოფლის მეურნეობის მავნებლებისა და ავადმყოფობათა წინააღმდეგ ბრძოლის ქიმიური მეთოდები. (ბიბ.ჩანაწერი № 44350)

000 -LEADER
fixed length control field 01077nam a2200217Ia 4500
001 - CONTROL NUMBER
control field 11111
003 - CONTROL NUMBER IDENTIFIER
control field GE_BSU
008 - FIXED-LENGTH DATA ELEMENTS--GENERAL INFORMATION
fixed length control field 181216s||||||||xx |||||||||||||| ||und||
040 ## - CATALOGING SOURCE
Transcribing agency GE_BSU
080 ## - UNIVERSAL DECIMAL CLASSIFICATION NUMBER
Universal Decimal Classification number 632.92
100 ## - MAIN ENTRY--PERSONAL NAME
Personal name ქარუმიძე,ს.ა.
245 ## - TITLE STATEMENT
Title სოფლის მეურნეობის მავნებლებისა და ავადმყოფობათა წინააღმდეგ ბრძოლის ქიმიური მეთოდები.
245 ## - TITLE STATEMENT
Statement of responsibility, etc. რედ:ირ.ბათიაშვილი.
260 ## - PUBLICATION, DISTRIBUTION, ETC.
Place of publication, distribution, etc. თბილისი.
260 ## - PUBLICATION, DISTRIBUTION, ETC.
Name of publisher, distributor, etc. საქ-ს სას-სამ. ინ-ტის გამ-ბა.
260 ## - PUBLICATION, DISTRIBUTION, ETC.
Date of publication, distribution, etc. 1950.
300 ## - PHYSICAL DESCRIPTION
Extent 508გვ;24სმ.
300 ## - PHYSICAL DESCRIPTION
Accompanying material ცხრ; საძიებელი გვ.482.
653 ## - INDEX TERM--UNCONTROLLED
Uncontrolled term სოფლის მეურნეობის მავნებლებისა და ავადმყოფობათა წინააღმდეგ ბრძოლის ქიმიური მეთოდები.
942 ## - ADDED ENTRY ELEMENTS (KOHA)
Koha item type წიგნი
ეგზემპლარები
Withdrawn status Lost status Damaged status Not for loan Date acquired Barcode Date last seen Price effective from Koha item type
        2018-12-17 19293 2018-12-17 2018-12-17 წიგნი
        2018-12-17 19294 2018-12-17 2018-12-17 წიგნი
        2018-12-17 19295 2018-12-17 2018-12-17 წიგნი